SCH : 20 Citations #2 (Moyen) - Statistiques

Statistiques générales
  • Ce quiz a été pris 47 fois
  • Le résultat moyen est 8 sur 20
Statistiques - réponses
Hint Réponse % Correct
C'truc au fond du ventre qu'j'ai du mal à traîner et c'penchant pour l'blé qu'j'ai du mal à freiner Stigmates
72%
J'bois du Château Margaux, j'laisse la 'teille décanter, j'suis prêt à filer, j'ai l'cœur anéanti Prêt à partir
69%
Entre les bâtards qui me veulent j'sais pas quoi et ceux qui veulent m'apprendre mon métier Gardez vos conseils, moi, j'y ai dédié mon cœur en entier Calabre
56%
Le cœur est terne, son apparence brille, costard flow Pavarotti, zéro coups d'clés sur la carrosserie Garcimore
56%
Mille-deux jusqu'à soixante-dix balais, j'préfère crever bouche ouverte, non, j'veux pas ta paye Pas la paix
56%
J'entends les murmures des murs parler trop fort d'mes sutures Missiles
50%
Y'aura tous mes res-frè sous le soleil et dans quelques temps, j'te dirais : "J't'aime" à l'oreille Gris
47%
J'ai grandi sur un banc en acier, il a sûrement la forme de mes sses-fe Ciment
42%
Trois, dans la BM', on rode, minuit sur ma Rollie, j'connais le code, j't'aimerais si t'avais les yeux verts émeraude MAC11
42%
Des cocktails jetés par des grands places, du rhum qui s'écrase sur les plexiglas Mort de rire
42%
Jamais on mendie, on va voler, j'en veux aux grands qui m'ont fait rêver avec leurs cabriolets Rose noire
39%
La nuit j'vois du plomb plein sa poitrine et du sang sur ses petits, lui non, lui non, lui non J'reviens de loin
36%
Depuis Rooftop, puta, j'suis sur le toit, GS et box, j'suis sûr de moi Niobe
36%
Collé à mes potos comme Stich et Lilo, j'suis Néo, Morpheo, vends d'la cocaïne Gédéon
31%
Cheveux blancs, doigts jaunis, papa veut red'venir un gamin Cartine Cartier
28%
J'mets la capuche en été mais j'ai plus rien à fêter, on est parti défaitistes, on est revenu en bénéfice Actes
25%
Chez toi, c'est plus de peur que d'mal, plus de peur que d'balles, plus de salopes que d'vrais Dix-neuf
25%
J'fais comme si j'avais tout à bâtir, j'fais comme si j'allais jamais partir Corrida
19%
On s'jure de rester unis, on va brûler les preuves, chiffon dans un bidon Frime
19%
J'étais p't-être con, en vrai, les choix qui m'ont mené ici, est-ce que c'était les bons ? Est-ce que j'y étais voué ? Tempête
19%
Aucun quiz correspondant
Distribution des résultats
% des personnes avec chaque résultat
Percentile par nombre de réponses
Votre historique - résultats
Vous n’avez pas pris ce quiz